00270nam a2200097Ia 4500008004100000100002200041245006300063260003000126300000800156650000800164191201s2010 xx 000 0 und d aIYENGAR, N.CH.S.N 0aPrinciples of Visual and Windows Programming BCA-303 SEM-5 aN. DelhibVikas Pubc2010 a222 aMCA